1996 1990 1248 1705 1776 1502 1766 1361 1887 1490 1357 1078 1675 1497 1303 1687 1875 1493 1183 1675 1149 1159 1002 1440 1961 1326 1342 1323 1231 1546 1384 1833 1909 1381 1523 1051 1233 1589 1731 1125 1960 1010 1857 1318 1153 1622 1096 1796 1781 1097 1232 1978 1361 1703 1595 1784 1280 1855 1127 1224 1036 1818 1301 1139 1789 1386 1387 1488 1930 1840 1018 1077 1417 1435 1105 1825 1505 1275 1254 1888 1652 1065 1637 1786 1744 1090 1248 1060 1100 1209 1153 1347 1676 1464 1037 1974 1625 1729 1592 BCNSPRNW ULIB Ver.6.0+V

เปลี่ยนเป็นภาษาไทย

Change to English
 แสดงรายละเอียดบรรณานุกรม
  กลับหน้าหลัก

Brief Record : Get Marc (ISO 2709) : E-mail record : QR code < ปิดหน้าต่าง
LEADER : 00000nam 2200000uu 4500
001    13399124383
003     ULIB
008    150603s2548||||th 000 0 tha d
060  4 ^aWB935 ^bร333บ
100    ^a รัชนี จันทร์เกษม และคณะ
110 2   ^aกลุ่มงานการแพทย์พื้นบ้านไทย.^bกรมพัฒนาการแพทย์พื้นบ้านและการแพทย์ทางเลือก
245 1  ^aบทคัดย่องานวิจัยภูมิปัญญาท้องถิ่นด้านสุขภาพ /^cกลุ่มงานการแพทย์พื้นบ้านไทย.
260    ^aกรุงเทพฯฯ :^bโรงพิมพ์องค์การรับส่งสินค้าและพัสดุครุภัณฑ์,^c2548
650    ^aสุขภาพ^xสาระสังเขป
650    ^aภูมิปัญญาพื้นบ้าน
650    ^aบทคัดย่อ^xสาระสังเขป
650    ^aบทคัดย่อ
945    ^p0^l0^i22962
999    ^aเกษร โพธิ์สุวรรณ
รายการนี้ยังไม่มีแท็ก
คุณยังไม่ได้ล็อกอิน คุณสามารถมีกิจกรรมร่วมกับเว็บไซต์ได้ แต่ต้องล็อกอินก่อน ::
  ล็อกอิน

รายการสื่อสารสนเทศ

ลำดับที่ ประเภท เลขเรียก/บาร์โค้ด สถานที่ สถานะ
1. วิทยาศาสตร์การแพทย์ และสุขภาพ
วิทยาศาสตร์การแพทย์ และสุขภาพ
WB935 ร333บ ฉ.1 
  Barcode: 22962
ห้องสมุดวิทยาเขตนครสวรรค์
►หนังสือทั่วไป:l:General Books
บนชั้น

รายการใกล้เคียง
    หัวเรื่อง [บทคัดย่อ]

BibComment


ยังไม่เคยถูกคอมเมนท์

คอมเมนท์ทรัพยากรรายการนี้
  คอมเมนท์: บทคัดย่องานวิจัย..


 Copyright 2026. Bcnsprnw @Library